Cantos de muerte (Record no. 146172)

MARC details
000 -LEADER
campo de control de longitud fija 00709nam a2200205 i 4500
001 - NÚMERO DE CONTROL
campo de control 146172
003 - IDENTIFICADOR DE NÚMERO DE CONTROL
campo de control ES-MaACL
005 - FECHA Y HORA DE LA ÚLTIMA TRANSACCIÓN
campo de control 20250514194824.0
007 - CAMPO FIJO DE DESCRIPCIÓN FÍSICA--INFORMACIÓN GENERAL
campo de control de longitud fija t|
008 - DATOS DE LONGITUD FIJA--INFORMACIÓN GENERAL
campo de control de longitud fija 070904s1972 sp ||||1| spa d
080 ## - NÚMERO DE LA CLASIFICACIÓN DECIMAL UNIVERSAL
Número de la Clasificación Decimal Universal 830(436)-1"19"
100 1# - ENTRADA PRINCIPAL--NOMBRE DE PERSONA
Nombre de persona Trakl, Georg (
Fechas asociadas al nombre 1887-1914)
9 (RLIN) 111215
245 10 - MENCIÓN DEL TÍTULO
Título Cantos de muerte
Resto del título : antología de poemas /
Mención de responsabilidad, etc. Georg Trakl ; selección, traducción y estudio previo de Antelika Becker ; introducción de Carlos Bousoño.
260 ## - PUBLICACIÓN, DISTRIBUCIÓN, ETC.
Lugar de publicación, distribución, etc. [Madrid] :
Nombre del editor, distribuidor, etc. Al-borak,
Fecha de publicación, distribución, etc. [1972]
300 ## - DESCRIPCIÓN FÍSICA
Extensión 124 p. ;
Dimensiones 21 cm.
700 1# - ENTRADA AGREGADA--NOMBRE PERSONAL
Nombre de persona Becker, Angélika.
9 (RLIN) 163524
700 1# - ENTRADA AGREGADA--NOMBRE PERSONAL
Nombre de persona Bousoño, Carlos,
Fechas asociadas al nombre 1923-2015
9 (RLIN) 31032
852 ## - LOCALIZACIÓN
Ubicación ES-MaACL
Número de control de estantería C-44756
Sublocalización o colección R.83941
Holdings
Estatus retirado Estado de pérdida Estado de daño No para préstamo Biblioteca de origen Biblioteca actual Ubicación en estantería Fecha de adquisición Fuente de adquisición Total de préstamos Signatura topográfica completa Código de barras Visto por última vez Precio de reemplazo Tipo de ítem Koha
        Biblioteca del Ateneo de Madrid Biblioteca del Ateneo de Madrid Depósito 2 17/01/2008     C-44756 1152568 23/02/2023 23/02/2023 Libro impreso